| Поле | Название | Значение |
| |
Тип записи |
a |
| |
Библиографический уровень |
m |
| 001 |
Контрольный номер |
f5139f90c6ce4dea8154cbeeee13d0d0 |
| 005 |
Дата корректировки |
20250512113537.9 |
| 010 |
Индекс ISBN |
__ |
| a |
ISBN |
978-5-08-005809-7 (в пер.) |
| d |
Цена |
475-90, 3000 экз. |
| 100 |
Данные общей обработки |
__ |
| a |
Данные общей обработки |
19190704d2018||||||| 0rusy0189 ca |
| 101 |
Язык документа |
0_ |
| a |
Язык текста |
rus |
| 102 |
Страна публикации |
__ |
| a |
Страна публикации |
RU| |
| 102 |
Страна публикации |
__ |
| a |
Страна публикации |
RU |
| 105 |
Кодированные данные (монография) |
__ |
| a |
Кодированные данные (монография) |
a|||||||000zy |
| 200 |
Заглавие и сведения об ответственности |
1_ |
| a |
Заглавие |
ЗБ |
| e |
Сведения, относящиеся к заглавию |
повесть : [для среднего и старшего школьного возраста] |
| f |
Первые сведения об ответственности |
Олег Раин ; [иллюстрации Дж. Ланданио] |
| b |
Общее обозначение материала |
Текст |
| 210 |
Выходные данные |
1_ |
| a |
Место издания |
Москва |
| c |
Издательство |
Детская литература |
| d |
Дата издания |
2018 |
| 215 |
Физическое описание |
__ |
| a |
Объем |
361 с. |
| c |
Иллюстрации/тип воспроизводства |
ил. |
| d |
Формат |
22 см |
| 225 |
Серия |
2_ |
| a |
Серия |
Лауреаты Международного конкурса имени Сергея Михалкова |
| 300 |
Общие примечания |
__ |
| a |
Общие примечания |
На обложке и корешке: ЗБ*Заброшенная больница - самое таинственное место в городе... |
| 300 |
Общие примечания |
__ |
| a |
Общие примечания |
Перед выпускными данными автор: Раин Олег (Щупов Андрей Олегович) |
| 330 |
Аннотация |
__ |
| a |
Аннотация |
ЗБ (заброшенная больница) - самое таинственное место в городе. Там происходят необъяснимые с точки зрения здравого смысла вещи. Кто-то, попав туда, оказывается в своем прошлом, кому-то открывается будущее, а некоторые вообще пропадают бесследно. Временами в пустых коридорах начинают мигать разбитые плафоны и звучит тихая музыка. Но гораздо чаще в ЗБ что-то горит, рушится и слышны звуки стрельбы. По мнению 15-летней героини, ЗБ каким-то непостижимым образом отражает все беды и трагедии века нынешнего. И оно же помогает Лерке Аникиной преодолеть полосу неудач, стать мягче и терпимее к окружающим. |
| 333 |
Примечание о целевом назначении |
__ |
| a |
Примечание о целевом назначении |
12+. Для детей старше 12 лет |
| 512 |
Заглавие обложки |
1_ |
| a |
Заглавие обложки |
Заброшенная больница |
| 606 |
Тематические рубрики |
__ |
| a |
Основная рубрика |
Художественная литература |
| 606 |
Тематические рубрики |
__ |
| a |
Основная рубрика |
Современная русская литература (произведения) |
| 610 |
Ключевые слова |
0_ |
| a |
Ключевые слова |
детская литература |
| 610 |
Ключевые слова |
0_ |
| a |
Ключевые слова |
детская проза |
| 610 |
Ключевые слова |
0_ |
| a |
Ключевые слова |
повести |
| 610 |
Ключевые слова |
0_ |
| a |
Ключевые слова |
подростковая литература |
| 610 |
Ключевые слова |
0_ |
| a |
Ключевые слова |
тема детей |
| 610 |
Ключевые слова |
0_ |
| a |
Ключевые слова |
тема подростков |
| 610 |
Ключевые слова |
0_ |
| a |
Ключевые слова |
юношеская литература |
| 610 |
Ключевые слова |
0_ |
| a |
Ключевые слова |
тема дружбы |
| 610 |
Ключевые слова |
0_ |
| a |
Ключевые слова |
тема друзей |
| 610 |
Ключевые слова |
0_ |
| a |
Ключевые слова |
повести |
| 610 |
Ключевые слова |
0_ |
| a |
Ключевые слова |
повести для детей |
| 610 |
Ключевые слова |
0_ |
| a |
Ключевые слова |
книги-лауреаты |
| 686 |
Индексы других классификаций |
__ |
| 2 |
Код системы |
rubbks |
| a |
Классификационный индекс |
84(2=411.2)6-4; ст84(2=411.2)6-4 |
| 700 |
Автор |
_1 |
| a |
Фамилия |
Раин |
| b |
Имя |
О. |
| f |
Даты |
1964- |
| g |
Полное личное имя |
Олег |
| 4 |
Код отношения |
070 |
| c |
Титул (звания) |
Щупов, Андрей Олегович |
| 702 |
Вторичная интеллектуальная ответственность |
_1 |
| a |
Фамилия |
Ландонио |
| b |
Имя |
Дж. |
| 4 |
Код отношения |
Художник |
| g |
Полное личное имя |
Джулия |
| 4 |
Код отношения |
040 |
| 790 |
Имя лица - альтернативная форма |
_1 |
| 4 |
Код отношения |
070 |
| a |
Имя лица - альтернативная форма |
Щупов |
| f |
Даты |
1964- |
| b |
Имя |
А. О. |
| g |
Полное личное имя |
Андрей Олегович |
| 801 |
Источник записи |
_0 |
| a |
Страна |
RU |
| b |
Организация |
Муниципальное бюджетное учреждение культуры "Централизованная библиотечная система" г. Сургут (Центральная городская библиотека им. А. С. Пушкина) |
| c |
Дата составления |
20190704 |
| g |
Правила каталогизации |
PSBO |
| 801 |
Источник записи |
_1 |
| a |
Страна |
RU |
| b |
Организация |
Муниципальное бюджетное учреждение культуры "Централизованная библиотечная система" г. Сургут (Центральная городская библиотека им. А. С. Пушкина) |
| c |
Дата составления |
20190704 |
| g |
Правила каталогизации |
PSBO |
| 852 |
Данные о местонахождении |
__ |
| j |
Шифр хранения |
84(2=411.2)6-4 |
| i |
Авторский знак |
Р 18 |
| 901 |
Тип документа |
__ |
| t |
Тип документа |
m |
| a |
Ответственный |
ООФиК/Волкова |
| 903 |
Характеристики (МАРС) |
__ |
| a |
Дата передачи |
20190704 |
| 969 |
Тип издания |
__ |
| a |
Тип издания |
издание для юношества |
| a |
Тип издания |
издание для детей |
| 990 |
Данные о заказе (DOS) |
__ |
| j |
Количество экземпляров (DOS) |
9 |
| t |
N записи в КСУ для И/У (DOS) |
201907 |